<?xml version="1.0" encoding="UTF-8"?>
<record
    xmlns:xsi="http://www.w3.org/2001/XMLSchema-instance"
    xsi:schemaLocation="http://www.loc.gov/MARC21/slim http://www.loc.gov/standards/marcxml/schema/MARC21slim.xsd"
    xmlns="http://www.loc.gov/MARC21/slim">

  <leader>01333nam a2200373 i 4500</leader>
  <datafield tag="999" ind1=" " ind2=" ">
    <subfield code="c">7925</subfield>
    <subfield code="d">7925</subfield>
  </datafield>
  <controlfield tag="001">991061119834206706</controlfield>
  <controlfield tag="003">OSt</controlfield>
  <controlfield tag="005">20240722131603.0</controlfield>
  <controlfield tag="008">240416e202403  spc||||  |||| 0|0 0 spa| </controlfield>
  <datafield tag="015" ind1=" " ind2=" ">
    <subfield code="a">LL2024</subfield>
    <subfield code="2">bnc</subfield>
  </datafield>
  <datafield tag="017" ind1=" " ind2=" ">
    <subfield code="a">DL B 5256-2024</subfield>
    <subfield code="b">Biblioteca de Catalunya</subfield>
  </datafield>
  <datafield tag="020" ind1=" " ind2=" ">
    <subfield code="a">9788411660211</subfield>
  </datafield>
  <datafield tag="040" ind1=" " ind2=" ">
    <subfield code="a">ES-BaBC</subfield>
    <subfield code="b">cat</subfield>
    <subfield code="e">rda</subfield>
    <subfield code="c">CDMR</subfield>
  </datafield>
  <datafield tag="041" ind1=" " ind2=" ">
    <subfield code="a">spa</subfield>
    <subfield code="h">eng</subfield>
  </datafield>
  <datafield tag="080" ind1=" " ind2=" ">
    <subfield code="a">004.6:316.4</subfield>
    <subfield code="2">2004</subfield>
  </datafield>
  <datafield tag="080" ind1=" " ind2=" ">
    <subfield code="a">659.3:17</subfield>
    <subfield code="2">2004</subfield>
  </datafield>
  <datafield tag="080" ind1=" " ind2=" ">
    <subfield code="a">364.614.8</subfield>
    <subfield code="2">2004</subfield>
  </datafield>
  <datafield tag="080" ind1=" " ind2=" ">
    <subfield code="a">342.72/.73</subfield>
    <subfield code="2">2004</subfield>
  </datafield>
  <datafield tag="245" ind1="1" ind2="0">
    <subfield code="a">Justicia de datos :</subfield>
    <subfield code="b">consecuencias sociales de los macrodatos, la tecnolog&#xED;a inteligente y la IA /</subfield>
    <subfield code="c">Lina Dencik, Arne Hintz, Joanna Redden, Emiliano Trer&#xE9;</subfield>
  </datafield>
  <datafield tag="264" ind1=" " ind2="1">
    <subfield code="a">Barcelona :</subfield>
    <subfield code="b">Editorial UOC,</subfield>
    <subfield code="c">2024</subfield>
  </datafield>
  <datafield tag="300" ind1=" " ind2=" ">
    <subfield code="a">240 p&#xE0;gines ;</subfield>
    <subfield code="c">24 cm</subfield>
  </datafield>
  <datafield tag="490" ind1="1" ind2=" ">
    <subfield code="a">[Manuales] ;</subfield>
    <subfield code="v">723.</subfield>
    <subfield code="a">Sociolog&#xED;a</subfield>
  </datafield>
  <datafield tag="500" ind1=" " ind2=" ">
    <subfield code="a">T&#xED;tol original: Data justice</subfield>
  </datafield>
  <datafield tag="504" ind1=" " ind2=" ">
    <subfield code="a">Inclou refer&#xE8;ncies bibliogr&#xE0;fiques (p&#xE0;gines 201-236)</subfield>
  </datafield>
  <datafield tag="650" ind1=" " ind2="7">
    <subfield code="a">Dades massives</subfield>
    <subfield code="x">Aspectes socials.</subfield>
    <subfield code="2">lemac</subfield>
  </datafield>
  <datafield tag="650" ind1=" " ind2="0">
    <subfield code="a">Intel&#xB7;lig&#xE8;ncia artificial</subfield>
    <subfield code="x">Aspectes socials.</subfield>
    <subfield code="9">4722</subfield>
  </datafield>
  <datafield tag="650" ind1=" " ind2="7">
    <subfield code="a">Mitjans de comunicaci&#xF3; de massa</subfield>
    <subfield code="x">Aspectes &#xE8;tics i morals.</subfield>
    <subfield code="2">lemac</subfield>
  </datafield>
  <datafield tag="700" ind1="1" ind2="2">
    <subfield code="a">Dencik, Lina.</subfield>
  </datafield>
  <datafield tag="830" ind1=" " ind2="0">
    <subfield code="a">Manuales (Editorial UOC) ;</subfield>
    <subfield code="v">723</subfield>
  </datafield>
  <datafield tag="830" ind1=" " ind2="0">
    <subfield code="a">Manuales (Editorial UOC).</subfield>
    <subfield code="p">Sociolog&#xED;a</subfield>
  </datafield>
  <datafield tag="908" ind1=" " ind2=" ">
    <subfield code="a">BC</subfield>
    <subfield code="a">UAB</subfield>
    <subfield code="a">UOC</subfield>
  </datafield>
  <datafield tag="940" ind1=" " ind2=" ">
    <subfield code="a">BC</subfield>
  </datafield>
  <datafield tag="942" ind1=" " ind2=" ">
    <subfield code="2">udc</subfield>
    <subfield code="c">MON</subfield>
  </datafield>
  <datafield tag="952" ind1=" " ind2=" ">
    <subfield code="0">0</subfield>
    <subfield code="1">0</subfield>
    <subfield code="4">0</subfield>
    <subfield code="7">0</subfield>
    <subfield code="a">CDMR</subfield>
    <subfield code="b">CDMR</subfield>
    <subfield code="d">2024-07-22</subfield>
    <subfield code="e">Donaci&#xF3;</subfield>
    <subfield code="g">26.00</subfield>
    <subfield code="l">0</subfield>
    <subfield code="o">Cc 5.1/37</subfield>
    <subfield code="p">CDMR24070006</subfield>
    <subfield code="r">2024-07-22</subfield>
    <subfield code="w">2024-07-22</subfield>
    <subfield code="y">MON</subfield>
  </datafield>
</record>
